000 00396cam a2200169ua 4500
020 _c2.00
041 _amal
_h
082 _a894.8122
_bTHI/RA
100 _aThikodiyan, .
245 _aRajamargam /
_cThikodiyan.
_hTextual Documents
260 _aKottayam :
_bNational book stall ,
_c1960.
300 _a133 ; .
365 _a2.00
504 _a
942 _cBK
999 _c1134
_d1134